|
|
|
|
| LEADER |
00000cam a22000004a 4500 |
| 001 |
musev2_51672 |
| 003 |
MdBmJHUP |
| 005 |
20230905045514.0 |
| 006 |
m o d |
| 007 |
cr||||||||nn|n |
| 008 |
170403s2017 mdu o 00 0 eng d |
| 020 |
|
|
|a 9781421421582
|
| 020 |
|
|
|z 9781421421575
|
| 035 |
|
|
|a (OCoLC)980854770
|
| 040 |
|
|
|a MdBmJHUP
|c MdBmJHUP
|
| 100 |
1 |
|
|a Breisch, Alvin R.,
|e author.
|
| 245 |
1 |
4 |
|a The Snake and the Salamander :
|b Reptiles and Amphibians from Maine to Virginia /
|c text by Alvin R. Breisch ; illustrations by Matt Patterson.
|
| 264 |
|
1 |
|a Baltimore :
|b Johns Hopkins University Press,
|c [2017]
|
| 264 |
|
3 |
|a Baltimore, Md. :
|b Project MUSE,
|c 2017
|
| 264 |
|
4 |
|c ©[2017]
|
| 300 |
|
|
|a 1 online resource (232 pages):
|b color illustrations, color map
|
| 336 |
|
|
|a text
|b txt
|2 rdacontent
|
| 337 |
|
|
|a computer
|b c
|2 rdamedia
|
| 338 |
|
|
|a online resource
|b cr
|2 rdacarrier
|
| 505 |
0 |
|
|a Northeastern deciduous forests -- Dry pine woodlands -- Northeastern grasslands -- Wicked big puddles -- Bogs -- Headwaters -- Small waters -- Big waters -- The coastal plain -- Appendixes. A. Habitats utilized by species of frogs ; B. Habitats utilized by species of salamanders ; C. Habitats utilized by species of turtles ; D. Habitats utilized by species of lizards ; E. Habitats utilized by species of snakes.
|
| 588 |
|
|
|a Description based on print version record.
|
| 650 |
|
7 |
|a Reptiles.
|2 fast
|0 (OCoLC)fst01095020
|
| 650 |
|
7 |
|a Amphibians.
|2 fast
|0 (OCoLC)fst00807900
|
| 650 |
|
7 |
|a SCIENCE
|x Life Sciences
|x Zoology
|x Ichthyology & Herpetology.
|2 bisacsh
|
| 650 |
|
7 |
|a NATURE
|x Animals
|x Fish.
|2 bisacsh
|
| 650 |
|
6 |
|a Amphibiens
|z États-Unis (Nord-Est)
|v Ouvrages illustres.
|
| 650 |
|
6 |
|a Reptiles
|z États-Unis (Nord-Est)
|v Ouvrages illustres.
|
| 650 |
|
6 |
|a Amphibiens
|z États-Unis (Nord-Est)
|
| 650 |
|
6 |
|a Reptiles
|z États-Unis (Nord-Est)
|
| 650 |
|
0 |
|a Amphibians
|z Northeastern States
|v Pictorial works.
|
| 650 |
|
0 |
|a Reptiles
|z Northeastern States
|v Pictorial works.
|
| 650 |
|
0 |
|a Amphibians
|z Northeastern States.
|
| 650 |
|
0 |
|a Reptiles
|z Northeastern States.
|
| 651 |
|
7 |
|a Northeastern States.
|2 fast
|0 (OCoLC)fst01242521
|
| 655 |
|
7 |
|a Pictorial works.
|2 fast
|0 (OCoLC)fst01423874
|
| 655 |
|
7 |
|a Electronic books.
|2 local
|
| 700 |
1 |
|
|a Patterson, Matt,
|e illustrator.
|
| 710 |
2 |
|
|a Project Muse.
|e distributor
|
| 830 |
|
0 |
|a Book collections on Project MUSE.
|
| 856 |
4 |
0 |
|z Texto completo
|u https://projectmuse.uam.elogim.com/book/51672/
|
| 945 |
|
|
|a Project MUSE - Custom Collection
|
| 945 |
|
|
|a Project MUSE - 2017 Complete
|
| 945 |
|
|
|a Project MUSE - 2017 Ecology and Evolution
|